Tantric wordhip of Mahaganapati: Accourding to the Nityotsava and other texts 2 parts (Record no. 1231711)

MARC details
000 -LEADER
fixed length control field 00629nam a2200217Ia 4500
005 - DATE AND TIME OF LATEST TRANSACTION
control field 20241129115723.0
008 - FIXED-LENGTH DATA ELEMENTS--GENERAL INFORMATION
fixed length control field 241129s9999||||xx |||||||||||||| ||und||
020 ## - INTERNATIONAL STANDARD BOOK NUMBER
International Standard Book Number 9788195764020
037 ## - SOURCE OF ACQUISITION
Stock number TB
040 ## - CATALOGING SOURCE
Original cataloging agency SDCL
Language of cataloging eng
Transcribing agency SDCL
041 ## - LANGUAGE CODE
Language code of text/sound track or separate title eng
Source of code eng
084 ## - COLON CLASSIFICATION NUMBER
Classification number Delta:(Q) R3
Assigning agency SDCL
100 ## - MAIN ENTRY--PERSONAL NAME
Personal name Buhnemann Gudrun
9 (RLIN) 591744
245 #0 - TITLE STATEMENT
Title Tantric wordhip of Mahaganapati: Accourding to the Nityotsava and other texts 2 parts
260 ## - PUBLICATION, DISTRIBUTION, ETC.
Place of publication, distribution, etc. New Delhi
Name of publisher, distributor, etc. Aditya Prakashan
Date of publication, distribution, etc. 2023
300 ## - PHYSICAL DESCRIPTION
Extent XL,254p.
365 ## - TRADE PRICE
Price type code INR
Price amount 2400
650 ## - SUBJECT ADDED ENTRY--TOPICAL TERM
Topical term or geographic name entry element Sanskrit
942 ## - ADDED ENTRY ELEMENTS (KOHA)
Koha item type Textbook
Classification part Delta:(Q) R3
Holdings
Withdrawn status Lost status Source of classification or shelving scheme Damaged status Not for loan Home library Current library Date acquired Source of acquisition Cost, normal purchase price Total Checkouts Full call number Barcode Date last seen Price effective from Koha item type
    Colon Classification (CC)     South Campus Library South Campus Library 2024-11-29 Meharchand Lachhmandas Publicaitons 2400.00   Delta:(Q) R3 SC1627719 2024-11-29 2024-11-29 Textbook
Copyright @ Delhi University Library System